Trailblazer in Missionary care: (Record no. 9707)

MARC details
000 -LEADER
fixed length control field 00463nam a22001697a 4500
003 - CONTROL NUMBER IDENTIFIER
control field GBCCL
005 - DATE AND TIME OF LATEST TRANSACTION
control field 20241126110717.0
008 - FIXED-LENGTH DATA ELEMENTS--GENERAL INFORMATION
fixed length control field 230612b ||||| |||| 00| 0 eng d
040 ## - CATALOGING SOURCE
Transcribing agency gbc
082 ## - DEWEY DECIMAL CLASSIFICATION NUMBER
Classification number 266.0092
Item number RAT
100 ## - MAIN ENTRY--PERSONAL NAME
Personal name Ratnakumar, J J
9 (RLIN) 16868
245 ## - TITLE STATEMENT
Title Trailblazer in Missionary care:
Remainder of title a biography
260 ## - PUBLICATION, DISTRIBUTION, ETC.
Place of publication, distribution, etc. Vellore :
Name of publisher, distributor, etc. Missionary upholders trust,
Date of publication, distribution, etc. 2022
300 ## - PHYSICAL DESCRIPTION
Extent 171p. ;
650 ## - SUBJECT ADDED ENTRY--TOPICAL TERM
Topical term or geographic name entry element Missionaries
Form subdivision biograpgy
9 (RLIN) 16869
942 ## - ADDED ENTRY ELEMENTS (KOHA)
Source of classification or shelving scheme Dewey Decimal Classification
Koha item type Books
Holdings
Withdrawn status Lost status Source of classification or shelving scheme Damaged status Not for loan Home library Current Library Shelving location Date acquired Total checkouts Full call number Barcode Date last seen Copy number Price effective from Koha item type
    Dewey Decimal Classification     GRACE BIBLE COLLEGE GRACE BIBLE COLLEGE Ministry & Mission 2023-06-12   266.0092 RAT 015747 2025-05-01 c.1 2023-06-12 Books
© Grace Bible College Library 2025